000
00306nam a22001457a 4500
003
SGT
020
_a
9789395116596
082
_a
345
_b
GAU
100
_a
GAUR K D
245
_a
TEXTBOOK ON INDIAN PENAL CODE
250
_a
8
260
_a
GURGAON
_b
LEXIS NEXIS
_c
2024
300
_a
1562
942
_2
ddc
_c
BK
_0
6
999
_c
25754
_d
25754